Wszyscy mistrzowie świata kierowców F1 - Statystyki

Ogólne statystyki
  • Ten quiz został rozwiązany 39 razy
  • Średni wynik to 53 z 76
Statystyki odpowiedzi
rok - zespół - narodowość kierowca % Poprawnych
2025 - McLaren - Wielka Brytania Lando Norris
97%
2021 - Red Bull - Holandia Max Verstappen
97%
2022 - Red Bull - Holandia Max Verstappen
97%
2023 - Red Bull - Holandia Max Verstappen
97%
2024 - Red Bull - Holandia Max Verstappen
97%
2007 - Scuderia Ferrari - Finlandia Kimi Räikkönen
94%
2008 - McLaren - Wielka Brytania Lewis Hamilton
94%
2014 - Mercedes - Wielka Brytania Lewis Hamilton
94%
2015 - Mercedes - Wielka Brytania Lewis Hamilton
94%
2017 - Mercedes - Wielka Brytania Lewis Hamilton
94%
2018 - Mercedes - Wielka Brytania Lewis Hamilton
94%
2019 - Mercedes - Wielka Brytania Lewis Hamilton
94%
2020 - Mercedes - Wielka Brytania Lewis Hamilton
94%
2005 - Renault - Hiszpania Fernando Alonso
91%
2006 - Renault - Hszpania Fernando Alonso
91%
1994 - Benetton - Niemcy Michael Schumacher
91%
1995 - Benetton - Niemcy Michael Schumacher
91%
2000 - Scuderia Ferrari - Niemcy Michael Schumacher
91%
2001 - Scuderia Ferrari - Niemcy Michael Schumacher
91%
2002 - Scuderia Ferrari - Nemcy Michael Schumacher
91%
2003 - Scuderia Ferrari - Niemcy Michael Schumacher
91%
2004 - Scuderia Ferrari - Niemcy Michael Schumacher
91%
2010 - Red Bull - Niemcy Sebastian Vettel
91%
2011 - Red Bull - Niemcy Sebastian Vettel
91%
2012 - Red Bull - Niemcy Sebastian Vettel
91%
2013 - Red Bull - Niemcy Sebastian Vettel
91%
1985 - McLaren - Francja Alain Prost
88%
1986 - McLaren - Francja Alain Prost
88%
1989 - McLaren - Francja Alain Prost
88%
1993 - Williams - Francja Alain Prost
88%
2016 - Mercedes - Niemcy Nico Rosberg
88%
1988 - McLaren - Brazylia Ayrton Senna
85%
1990 - McLaren - Brazylia Ayrton Senna
85%
1991 - McLaren - Brazylia Ayrton Senna
85%
2009 - Brawn - Wielka Brytania Jenson Button
82%
1975 - Scuderia Ferrari - Austria Niki Lauda
76%
1977 - Scuderia Ferrari - Austria Niki Lauda
76%
1984 - McLaren - Austria Niki Lauda
76%
1998 - McLaren - Finlandia Mika Häkkinen
74%
1999 - McLaren - Finlandia Mika Häkkinen
74%
1951 - Alfa Romeo - Argentyna Juan Manuel Fangio
68%
1954 - Maserati, Mercedes - Argentyna Juan Manuel Fangio
68%
1955 - Mercedes - Argentyna Juan Manuel Fangio
68%
1956 - Scuderia Ferrari - Argentyna Juan Manuel Fangio
68%
1957 - Maserati - Argentyna Juan Manuel Fangio
68%
1996 - Williams - Wielka Brytania Damon Hill
62%
1972 - Lotus - Brazylia Emerson Fittipaldi
62%
1974 - McLaren - Brazylia Emerson Fittipaldi
62%
1982 - Williams - Finlandia Keke Rosberg
62%
1981 - Brabham - Brazylia Nelson Piquet
62%
1983 - Brabham - Brazylia Nelson Piquet
62%
1987 - Williams - Brazylia Nelson Piquet
62%
1992 - Williams - Wielka Brytania Nigel Mansell
62%
1952 - Scuderia Ferrari - Włochy Alberto Ascari
56%
1953 - Scuderia Ferrari - Włochy Alberto Ascari
56%
1959 - Cooper - Australia Jack Brabham
50%
1960 - Cooper - Australia Jack Brabham
50%
1966 - Brabham - Australia Jack Brabham
50%
1997 - Williams - Kanada Jacques Villeneuve
50%
1950 - Alfa Romeo - Włochy Giuseppe Farina
41%
1963 - Lotus - Wielka Brytania Jim Clark
41%
1965 - Lotus - Wielka Brytania Jim Clark
41%
1979 - Scuderia Ferrari - RPA Jody Scheckter
41%
1969 - Matra - Wielka Brytania Jackie Stewart
38%
1971 - Tyrrell - Wielka Brytania Jackie Stewart
38%
1973 - Tyrrell - Wielka Brytania Jackie Stewart
38%
1961 - Scuderia Ferrari - Stany Zjednoczone Phil Hill
38%
1980 - Williams - Australia Alan Jones
35%
1976 - McLaren - Wielka Brytania James Hunt
35%
1978 - Lotus - Stany Zjednoczone Mario Andretti
35%
1967 - Brabham - Nowa Zelandia Denny Hulme
29%
1962 - British Racing Motors - Wielka Brytania Graham Hill
26%
1968 - Lotus - Wielka Brytania Graham Hill
26%
1970 - Lotus - Austria Jochen Rindt
26%
1964 - Scuderia Ferrari - Wielka Brytania John Surtees
21%
1958 - Scuderia Ferrari - Wielka Brytania Mike Hawthorn
18%
Nie znaleziono quizów pasujących do podanych kryteriów
Rozkład punktacji
Procent ludzi z każdym wynikiem
Percentyl według liczby udzielonych odpowiedzi
Twoja historia wyników
Nie rozwiązałeś tego quizu